000 00440nam a2200157 i 4500
001 96926
003 ES-MaACL
005 20230906182014.0
007 t|
008 050704s1925 sp ||||1| spa d
100 1 _aManrique, Gervasio.
_976096
245 1 3 _aLa práctica de la orientación profesional /
_cG. Manrique de Lara.
260 _aMadrid :
_bHernando,
_c1925.
300 _a210 p., 16 lám. ;
_c19 cm.
852 _aES-MaACL
_jF-192
999 _c96926
_d96926